Statistics for Shoulder joint's Anatomy adduction

Click here to take the quiz!

General Stats

  • This quiz has been taken 6 times
  • The average score is 3 of 7

Answer Stats

PriorityAnswer% Correct
1latissimus dorsi
100%
1pectoralis major
75%
1teres major
75%
3coracobrachialis
25%
3triceps brachii (caput longum)
25%
2deltoideus (pars spinalis)
0%
3teres minor
0%

Score Distribution

Percentile by Number Answered

Percent of People with Each Score

Your Score History

You have not taken this quiz